LIBRARY & INFORMATION CENTRE, KCAET, TAVANUR

ONLINE PUBLIC ACCESS CATALOGUE (OPAC)

Little flowers of st.francis ; the mirror of perfection, the life of st. francis / (Record no. 2347)

MARC details
000 -LEADER
fixed length control field 00439cam a2200157ua 4500
041 ## - LANGUAGE CODE
Language code of text/sound track or separate title eng
082 ## - DEWEY DECIMAL CLASSIFICATION NUMBER
Classification number 101
Item number OKE/LI
100 ## - MAIN ENTRY--AUTHOR NAME
Personal name Okey, Thomas .
245 ## - TITLE STATEMENT
Title Little flowers of st.francis ; the mirror of perfection, the life of st. francis /
250 ## - EDITION STATEMENT
Edition statement 1 /
260 ## - PUBLICATION, DISTRIBUTION, ETC. (IMPRINT)
Place of publication London :
Name of publisher J M Dent and Sons Ltd ,
Year of publication 1950.
300 ## - PHYSICAL DESCRIPTION
Number of Pages 397 ; .
942 ## - ADDED ENTRY ELEMENTS (KOHA)
Koha item type Books
Holdings
Withdrawn status Lost status Damaged status Home library Current library Date acquired Full call number Accession Number Koha item type
Withdrawn     KAUAET Sanskrit University 07/04/2012 101 4401 Books
free website counter